Thinking about GIS : (Record no. 11295)
[ view plain ]
| 000 -LEADER | |
|---|---|
| fixed length control field | 00463cam a2200157 a 4500 |
| 020 ## - INTERNATIONAL STANDARD BOOK NUMBER | |
| ISBN | 1589481194 (paperback) |
| 040 ## - CATALOGING SOURCE | |
| Transcribing agency | IUA |
| 082 ## - DEWEY DECIMAL CLASSIFICATION NUMBER | |
| Classification number | 658 ESR 2003 |
| 100 1# - MAIN ENTRY--AUTHOR NAME | |
| Personal name | Tomlinson, Roger F. |
| 245 10 - TITLE STATEMENT | |
| Title | Thinking about GIS : |
| Remainder of title | geographic information system planning for managers / |
| 250 ## - EDITION STATEMENT | |
| Edition statement | 1st ed. |
| 260 ## - PUBLICATION, DISTRIBUTION, ETC. (IMPRINT) | |
| Place of publication | Redlands, Calif. : |
| Name of publisher | ESRI Press, |
| Year of publication | 2003. |
| 300 ## - PHYSICAL DESCRIPTION | |
| Number of Pages | xx, 307 p. : b ill. ; |
| Dimensions | 23 cm. |
| 650 #0 - SUBJECT ADDED ENTRY--TOPICAL TERM | |
| Topical Term | Geographic information systems. |
| 942 ## - ADDED ENTRY ELEMENTS (KOHA) | |
| Koha item type | សៀវភៅភាសាអង់គ្លេស |
| 952 ## - LOCATION AND ITEM INFORMATION (KOHA) | |
| Withdrawn status [LOCAL, KOHA] | 0 |
| Permanent Location | Date acquired | Koha item type | Lost status | Shelving location | Barcode | Current Location | Full call number |
|---|---|---|---|---|---|---|---|
| Library Block A | 2017-07-29 | សៀវភៅភាសាអង់គ្លេស | A036 | A10069 | Library Block A | 658 ESR 2003 A036 Co. |